000 00676nam a2200205Ia 4500
003 GCL
008 140319s9999 xx 000 0 ara d
040 _aGCL /
_cGCL
082 0 4 _aم
_b398.03
_bع م
100 1 _aعبدالحميد يونس
245 1 0 _aمعجم الفولكلور انجليزى - عربى A DICTIONNARY OF FOLKLORE /
_cعبدالحميد يونس
260 _a[S.N] :
_bمكتبة لبنان ،
_c1982
300 _a217
490 _aدراسة فى ازمة الخليج
_v0
650 0 4 _aالفولكلور
650 0 4 _aاللغة العربية
650 0 4 _aالمعاجم
650 0 4 _aاللغة الانجليزية
942 _2ddc
_cREF
999 _c59550
_d59550